Guess The Singer By The Real Name #4 - Statistics

General Stats
  • This quiz has been taken 36 times
  • The average score is 3 of 10
Answer Stats
Real Name Singer % Correct
Anna MaeBullock Tina Turner
71%
Calvin CordozarBroadus Jr. Snoop Dogg
58%
Adam RichardWiles Calvin Harris
29%
Belcalis MarlenisAlmánzar Cardi B
29%
Armando ChristianPérez Pitbull
25%
Jahseh DwayneRicardo Onfroy XXXTentacion
25%
Shéyaa BinAbraham-Joseph 21 Savage
21%
Adetayo Ayowale Onile-Ere Taio Cruz
21%
Tramar LacelDillard Flo Rida
17%
Shaffer ChimereSmith Ne-Yo
17%
No matching quizzes found
Score Distribution
Percent of People with Each Score
Percentile by Number Answered
Your Score History
You have not taken this quiz